The first book of the American chronicles of the times. Chap. V.

Bibliographic Details
Main Author: Leacock, John, 1729-1802
Other Authors: Adams, Samuel, 1722-1803
Format: eBook
Language:English
Series:Early American imprints. Evans (1639-1800) ; no. 13806.
Subjects:
Online Access:Evans Digital Edition

MARC

Tag First Indicator Second Indicator Subfields
LEADER 00000cam a22000001a 4500
001 in00002137721
006 m e d #
007 cr mn mmmmabba
008 851219s1775 mau s 000 0 eng d
005 20260330195834.5
035 |z w024421 
035 |a MAAR8512194313B 
035 |9 mwa91-43981 
035 |a 320674 
035 |a aas03024421 
040 |a MWA  |c MWA  |e bdrb  |d UtOrBLW 
100 1 |a Leacock, John,  |d 1729-1802. 
245 1 4 |a The first book of the American chronicles of the times.  |n Chap. V. 
264 3 |a Boston :  |b Printed and sold [by D. Kneeland] opposite the court-house, in Queen-Street,  |c [1775] 
300 |a pages 1 unnumbered page, 34-40 
336 |a text  |b txt  |2 rdacontent 
337 |a computer  |b c  |2 rdamedia 
338 |a online resource  |b cr  |2 rdacarrier 
500 |a The events preceding the American Revolution, related in mock-Biblical style. 
500 |a Caption title. 
500 |a By John Leacock. Leacock's play, "The fall of British tyranny," was advertised in the Constitutional gazette, July 3, 1776, as "by the author of the American chronicles of the times." Cf. Carla Mulford's Introduction to "John Leacock's The first book of the American chronicles of the times, 1774-1775" (Newark : University of Delaware Press, 1987). 
500 |a "... said to be wrote by that great patriot ... S----l A---s [i.e., Samuel Adams], Esquire, a member for this province in the Grand American Continental Congress."--from an advertisement for the work in: The Wonder of wonders ... 2nd edition, Salem, Mass. : E. Russell, 1775. A portrait of Adams appears on the title page of Russell's edition of the work (Salem, 1774). 
500 |a Imprint from colophon. Ascribed to the press of Daniel Kneeland by Evans. 
510 4 |a Evans  |c 13806 
530 |a Microform version available in the Readex Early American Imprints series. 
533 |a Electronic text and image data.  |b [Chester, Vt. :  |c Readex, a division of Newsbank, Inc.,  |d 2002-2004.  |e Includes files in TIFF, GIF and PDF formats with inclusion of keyword searchable text.  |f (Early American imprints. First series ; no. 13806). 
500 |a Electronic resource. 
630 0 0 |a Bible.  |p Old Testament  |v Parodies, imitations, etc. 
651 0 |a United States  |x History  |y Revolution, 1775-1783  |v Anecdotes. 
655 7 |a Satires.  |2 rbgenr 
700 1 |a Adams, Samuel,  |d 1722-1803. 
752 |a United States  |b Massachusetts  |d Boston. 
830 0 |a Early American imprints.  |n Series I,  |p Evans (1639-1800) ;  |v no. 13806. 
856 4 1 |u http://proxy.library.tamu.edu/login?url=https://opac.newsbank.com/select/evans/13806  |y Evans Digital Edition  |t 0 
999 |a MARS 
999 f f |s 2b2f7558-e4a3-3521-a333-355c0eb2c46c  |i 052298a7-be95-303f-80dc-6d1faf1c9577  |t 0 
952 f f |a Texas A&M University  |b College Station  |c Electronic Resources  |s www_evans  |d Available Online  |t 0  |h No information provided 
998 f f |t 0  |l Available Online